Score 0/25 Timer 06:00
3 Plays Today
% Correct
The Big Bang Theory
96.5%
The Simpsons
94.5%
How I Met Your Mother
87%
Futurama
80.6%
Parks and Recreation
80.3%
Buffy the Vampire Slayer
76.6%
Mad Men
75.9%
Young Sheldon
74.6%
Modern Family
74.6%
Will & Grace
69.1%
It's Always Sunny in Philadelphia
65.8%
Doctor Who
65.1%
Arrested Development
65.1%
% Correct
The Good Place
60.1%
Downton Abbey
59.8%
Glee
58%
Fawlty Towers
53.1%
Gilmore Girls
48.7%
Peaky Blinders
48.5%
Fresh Off the Boat
48.3%
Riverdale
44.5%
Desperate Housewives
40%
Glow
35.9%
Westworld
24.9%
Boardwalk Empire
17.5%
Remove Ads.
Support Sporcle.
Get the best of Sporcle when you Go Orange. This ad-free experience offers more features, more stats, and more fun while also helping to support Sporcle. Thank you for becoming a member.

You're not logged in!

Compare scores with friends on all Sporcle quizzes.
OR
Log In

Show Comments

Extras

Top Quizzes Today


Score Distribution

Your Account Isn't Verified!

In order to create a playlist on Sporcle, you need to verify the email address you used during registration. Go to your Sporcle Settings to finish the process.

Report this User

Report this user for behavior that violates our Community Guidelines.

Details: